00510cam a22002171 4500001001300000003000400013005001700017008004100034010001700075035002000092040001800112042001200130050002200142100002300164245001600187260001000203300001900213500001500232650002800247999001700275ne 67002042 DLC20260227111835.0890331s1966 xx 000 0 ara  ane 67002042  a(OCoLC)23498753 aDLCcMiUdDLC apremarc00aPJ6161b.S54 19661 aShāyib, Aḥmad.13aal-Uslūb. c1966. a206 p.c24 cm. aRomanized. 0aArabic languagexStyle. c49898d49898